Central Library OPAC University of Rajshahi

বাংলাদেশের ভাস্কর্য (১৯৫৮-২০০৮) / (Record no. 37172)

MARC details
000 -LEADER
fixed length control field 01762ntm a2200265 a 4500
001 - CONTROL NUMBER
control field 37172
003 - CONTROL NUMBER IDENTIFIER
rucl marc code BD-RjUL
005 - DATE AND TIME OF LATEST TRANSACTION
control field 20211209052603.0
008 - FIXED-LENGTH DATA ELEMENTS--GENERAL INFORMATION
fixed length control field 141023s2013 bg a|||| mb|| 00| 0 ben d
035 ## - SYSTEM CONTROL NUMBER
System control number (BD-RjUL)37274
040 ## - CATALOGING SOURCE
Original cataloging agency BD-RjUL
Language of cataloging ben
Transcribing agency BD-RjUL
Modifying agency BD-RjUL
041 ## - LANGUAGE CODE
Language code of text/sound track or separate title ben
082 ## - DEWEY DECIMAL CLASSIFICATION NUMBER
Edition number 21
Classification number 730.95492
Author mark and year ISB 2013
100 ## - MAIN ENTRY--PERSONAL NAME
Personal name ইসলাম, এ. কে. মো. ময়নুল
9 (RLIN) 113673
245 10 - TITLE STATEMENT
Title বাংলাদেশের ভাস্কর্য (১৯৫৮-২০০৮) /
Statement of responsibility, etc. এ. কে. মো. ময়নুল ইসলাম
Linkage তত্ত্বাবধায়ক: চৌধুরী জুলফিকার মতিন , টি.এম. এম. নূরুল মোদ্দাসের চৌধুরী
260 ## - PUBLICATION, DISTRIBUTION, ETC. (IMPRINT)
Place of publication, distribution, etc. রাজশাহী :
Name of publisher, distributor, etc. চারুকলা বিভাগ, রাজশাহী বিশ্ববিদ্যালয়,
Date of publication, distribution, etc. ২০১৩.
300 ## - PHYSICAL DESCRIPTION
Pagination vi, ৩০৭ পাতা :
Illustrations চিত্র ;
Size ২৯ সেমি.
502 ## - DISSERTATION NOTE
Dissertation note থিসিস (পিএইচ. ডি.) --চারুকলা বিভাগ, রাজশাহী বিশ্ববিদ্যালয়, ২০১৩.
504 ## - BIBLIOGRAPHY, ETC. NOTE
Bibliography, etc গ্রন্থপঞ্জি : পাতা ২৮৮-২৯৩.
650 ## - SUBJECT ADDED ENTRY--TOPICAL TERM
Topical term or geographic name as entry element ভাস্কর্য
Form subdivision ইতিহাস
Geographic subdivision বাংলাদেশ
Chronological subdivision ১৯৫৮-২০০৮
9 (RLIN) 113753
Topical term or geographic name as entry element Sculpture
Form subdivision History
Geographic subdivision Bangladesh
Chronological subdivision 1958-2008
9 (RLIN) 113754
700 ## - ADDED ENTRY--PERSONAL NAME
Personal name মতিন, চৌধুরী জুলফিকার, তত্ত্বাবধায়ক
Personal name চৌধুরী, টি. এম. এম. নূরুল মোদ্দাসের, যুগ্ম তত্ত্বাবধায়ক
942 ## - ADDED ENTRY ELEMENTS (KOHA)
Source of classification or shelving scheme Dewey Decimal Classification
Koha item type Theses
Holdings
Lost status Source of classification or shelving scheme Damaged status Not for loan Collection code Permanent Location Current Location Shelving location Date acquired Source of acquisition Total Checkouts Full call number Date last seen Copy number Koha item type
  Dewey Decimal Classification   Not For Loan Non-fiction Central Library, University of Rajshahi Central Library, University of Rajshahi Documentation Section 24/09/2014 Controller of Exam. , R. U.   BTHE 730.95492 ISB 2013 23/10/2014 C-1 Theses